Manchester United loanees - Statistics

General Stats
  • This quiz has been taken 29 times
  • The average score is 6 of 15
Answer Stats
Hint Answer % Correct
23/24 from Tottenham Sergio Reguilón
77%
23/24 from Fiorentina Sofyan Amrabat
77%
22/23 from Bayern Munich Marcel Sabitzer
65%
19/20 from SH Shenhua Odion Ighalo
65%
22/23 from Newcastle Martin Dúbravka
62%
22/23 from Burnley Wout Weghorst
54%
14/15 from Monaco Radamel Falcao
46%
07/08 from West Ham Carlos Tevez
42%
06/07 from Helsingborgs IF Henrik Larsson
42%
22/23 From Crystal Palace Jack Butland
38%
00/01 from Motherwell FC Andy Goram
12%
95/96 from G. Bordeaux William Prunier
12%
92/93 from Swindon Town Fraser Digby
8%
06/07 from West Brom Tomasz Kuszczak
8%
92/93 from Gillingham FC Andy Arnott
0%
No matching quizzes found
Score Distribution
Percent of People with Each Score
Percentile by Number Answered
Your Score History
You have not taken this quiz